|
|
|
|
| LEADER |
01246nam a2200349 a 4500 |
| 001 |
EBC588075 |
| 003 |
MiAaPQ |
| 005 |
20200520144314.0 |
| 006 |
m o d | |
| 007 |
cr cn||||||||| |
| 008 |
101014s2009 ii k s 000 0 eng d |
| 020 |
|
|
|z 9789350245576
|
| 035 |
|
|
|a (MiAaPQ)EBC588075
|
| 035 |
|
|
|a (Au-PeEL)EBL588075
|
| 035 |
|
|
|a (CaPaEBR)ebr10415772
|
| 035 |
|
|
|a (OCoLC)700691273
|
| 040 |
|
|
|a MiAaPQ
|c MiAaPQ
|d MiAaPQ
|
| 043 |
|
|
|a a-ii---
|
| 050 |
|
4 |
|a HF1379
|b .J35 2009
|
| 100 |
1 |
|
|a Jain, Khushpat S.
|
| 245 |
1 |
0 |
|a Export import procedures and documentation
|h [electronic resource] :
|b a complete reference for the educators and the educands /
|c Khushpat S. Jain.
|
| 260 |
|
|
|a Mumbai [India] :
|b Himalaya Pub. House,
|c 2009.
|
| 300 |
|
|
|a 407 p. :
|b forms.
|
| 533 |
|
|
|a Electronic reproduction. Ann Arbor, MI : ProQuest, 2015. Available via World Wide Web. Access may be limited to ProQuest affiliated libraries.
|
| 650 |
|
0 |
|a International trade.
|
| 650 |
|
0 |
|a Exports.
|
| 650 |
|
0 |
|a Imports.
|
| 650 |
|
0 |
|a Exports
|z India.
|
| 650 |
|
0 |
|a Imports
|z India.
|
| 655 |
|
4 |
|a Electronic books.
|
| 710 |
2 |
|
|a ProQuest (Firm)
|
| 856 |
4 |
0 |
|u https://ebookcentral.proquest.com/lib/matrademy/detail.action?docID=588075
|z Click to View
|